000 00474pab a2200193 454500
008 180718b2010 xxu||||| |||| 00| 0 eng d
100 _aGeorge, Sobin
245 _aHostel schemes for Dalit students: continuing exclusion
260 _c2010
300 _ap.29-32.
362 _a19 Jun
650 _aYouth hostels
650 _aStudents
650 _aDalit
650 _aBackward classes
773 _aEconomic and Political Weekly
908 _aN
909 _a86800
999 _c86800
_d86800